| 000 | 01369cam a22003738a 4500 | ||
|---|---|---|---|
| 001 | 13430621 | ||
| 005 | 20100204111211.0 | ||
| 008 | 031210s2009 enk |rb 001 0 eng | ||
| 010 | _a | ||
| 020 | _a9780702029400 | ||
| 035 | _a(DNLM)101200480 | ||
| 040 |
_aDLC _cDLC |
||
| 042 | _apcc | ||
| 050 | 0 | 0 |
_aRT42 _b.N862 2004 |
| 060 | 1 | 0 |
_aWY 100 _bN97524 2004 |
| 082 | 0 | 0 |
_a610.73 _222 _bNUR |
| 245 | 0 | 0 |
_aNursing Knowledge & Practice : _bFoundations for Decision Making / _cEdited by Maggie Mallik, Carol Hall, David Howard. |
| 246 | 3 | _aNursing knowledge and practice | |
| 250 | _a3rd ed. | ||
| 260 |
_aEdinburgh ; _aNew York : _b Elsevier, 2009. _c2009 |
||
| 263 | _a0405 | ||
| 300 |
_a485 p. ; _cill.;cm. _b27 cm. |
||
| 504 | _aIncludes bibliographical references and index. | ||
| 650 | 0 |
_aNursing. _912109 |
|
| 650 | 0 |
_aNursing _xDecision making. _912110 |
|
| 650 | 1 | 2 |
_aNursing Process. _912111 |
| 650 | 2 | 2 |
_aDecision Making. _912112 |
| 700 | 1 |
_aMallik, Maggie. _912113 |
|
| 700 | 1 |
_aHall, Carol, _cRGN. _912114 |
|
| 700 | 1 |
_aHoward, David, _cRGN. _912115 |
|
| 942 |
_2ddc _cNRB |
||
| 999 |
_c13555 _d13555 |
||